Normal view MARC view

Entry Personal Name

Number of records used in: 1

001 - CONTROL NUMBER

  • control field: 32696

003 - CONTROL NUMBER IDENTIFIER

  • control field: OSt

005 - DATE AND TIME OF LATEST TRANSACTION

  • control field: 20260702125659.0

008 - FIXED-LENGTH DATA ELEMENTS

  • fixed length control field: 260702|| aca||aabn | a|a d

040 ## - CATALOGING SOURCE

  • Original cataloging agency: OSt
  • Transcribing agency: OSt

100 ## - HEADING--PERSONAL NAME

  • Personal name: Hawkes, Richard R

670 ## - SOURCE DATA FOUND

  • Source citation: Work cat.: (OSt)25964: Hawkes, Richard R., Master Mind For The Primary Grades :Exercises in Critical Thinking , 1992

Powered by Koha